地理名词中译英#1 Geographic terms translated from Chinese to English #1 - Statistics

General Stats
  • This quiz has been taken 33 times
  • The average score is 9 of 18
Answer Stats
中文 English % Correct
瀑布 Fall
86%
火山 volcano
86%
三角洲 delta
82%
半岛 peninsula
75%
高原 plateau
75%
盆地/流域 basin
68%
海峡 strait/channel
64%
水库 reservoir
61%
冰川 glacier
54%
海角/海岬/岬 cape/promontory/headland
39%
礁石 reef
39%
环礁 atoll
36%
峡湾 fjord
36%
地峡 isthmus
18%
潟湖/环礁湖 lagoon
18%
海沟 trench
18%
牛轭湖 oxbow lake
11%
入海口 estuary
7%
No matching quizzes found
Score Distribution
Percent of People with Each Score
Percentile by Number Answered
Your Score History
You have not taken this quiz